000 00308nam a22001337a 4500
008 181004b xxu||||| |||| 00| 0 eng d
020 _a0070125147
041 _aeng
080 _25 ed
_a37
100 _a37
101 _aMAT
245 _aBasic Mathematics For Electronics
_cDell.c.a
942 _2udc
_cBK
999 _c48840
_d48840